La mitología del derecho moderno (Registro nro. 51366)

Detalles MARC
000 -ENCABEZADO
Número de control [NR] 00780nam a2200241Ia 4500
005 - FECHA Y HORA DE LA ÚLTIMA TRANSACCIÓN
control field 20211111074510.0
008 - DE LONGITUD FIJA DE DATOS DE ELEMENTOS - INFORMACIÓN GENERAL
Elementos de longitud fija [NR] 130821s1998 mx gr spa
020 ## - NUMERO INTERNACIONAL NORMALIZADO PARA LIBROS [R]
Número Internacional Normalizado del libro [NR] 9682321255
040 ## - FUENTE DE CATALOGACION [NR]
Agencia de catalogación original [NR] Co-BoUCM
Idioma de catalogación [NR] spa
041 00 - CODIGO DE IDIOMA [R]
Código de idioma para texto/pista de sonido o título separado [R] Español
100 1# - ASIENTO PRINCIPAL--NOMBRE PERSONAL [NR]
Nombre personal [NR] Fitzpatrick, Peter
ID Autoridad 163155
245 13 - MENCION DE TITULO [NR]
Título [NR] La mitología del derecho moderno
Mención de responsabilidad, etc. [NR] Peter Fitzpatrick
260 ## - PUBLICACION, DISTRIBUCION, ETC. (PIE DE IMPRENTA) [R]
Lugar de publicación, distribución, etc. [R] México D.F. (México)
Nombre del editor, distribuidor, etc. [R] Siglo XXI Editores
Fecha de publicación, distribución, etc. [R] 1998
300 ## - DESCRIPCION FISICA [R]
Extensión [R] xvii, 252 páginas
504 ## - NOTA DE BIBLIOGRAFIA, ETC. [R]
Nota de bibliografía, etc. [NR]
650 04 - ASIENTO SECUNDARIO DE MATERIA - TERMINO TEMATICO [R]
Término temático o nombre geográfico como elemento de entrada [NR] Filosofía del derecho
9 (RLIN) 15792
650 04 - ASIENTO SECUNDARIO DE MATERIA - TERMINO TEMATICO [R]
Término temático o nombre geográfico como elemento de entrada [NR] Mito en el derecho
9 (RLIN) 19624
650 04 - ASIENTO SECUNDARIO DE MATERIA - TERMINO TEMATICO [R]
Término temático o nombre geográfico como elemento de entrada [NR] Teoría del derecho
9 (RLIN) 25308
700 1# - ASIENTO SECUNDARIO - NOMBRE PERSONAL [R]
Nombre personal [NR] Parés, Nuria
Término de relación [R]
9 (RLIN) 163156
765 ## - ASIENTO DE IDIOMA ORIGINAL [R]
Asiento principal [NR] The mithology of modern law
942 ## - ELEMENTOS DE ENTRADA AGREGADOS (KOHA)
Tipo de ítem principal el descrito en 300a Libro
Tema principal Derecho
Edición 1
Parte restante de la signatura top. F559m
Sistema de clasificación DEWEY
Clasificación 340.1
Existencias
Fecha de último préstamo Total préstamos Total Renewals Signatura topográfica Código de barras Última vez visto Ejemplar Price effective from Tipo de ítem Perdido Sistema de clasificación Dañado No prestable Tipo de ítem específico Suprimido Ubicación habitual Ubicación actual Localización Fecha de creación Forma de adquisición Costo
08/05/2019 7 4 340.1 F559m 100081782 10/06/2026 Ej.1 03/02/2013 Libro   DEWEY     Libro   Claustro Claustro 3er piso 30/09/2007 Compra 62800.00